000 00973nam a2200337Ia 4500
003 OSt
005 20220912144711.0
006 a|||||r|||| 00| 0
007 ta
008 220909b |||||||| |||| 00| 0 eng d
020 _a97808789936236 (pbk)
020 _aSL01561438
024 _a190096
037 _b19547, 19/04/2014, Panima Education Book Agency
037 _cTextbook
040 _aCSL
_beng
_cCSL
041 _aeng
082 _aI:527, P8;Q2 TEB
100 _aPrimack Richard B
245 0 _aPrimer of conservation biology
250 _a5
260 _aSunderland
_bSinauer
_c2012
300 _axviii,366p. col.ill.
650 _a Biodiversity
650 _a Conservation biology
650 _aEnvironmental Biology
700 _a Fox Gordon A
700 _aPrimack Richard B
942 _hI:527, P8;Q2 TEB
_cTB
_2CC
999 _c16188
_d16188